Country Music Quiz - Statistics

General Stats
  • This quiz has been taken 45 times
  • The average score is 10 of 29
Answer Stats
Hint Answer % Correct
Going down down down in a burning ring of fire- Johnny Cash Ring of Fire
78%
on the road again, I cant wait to get on the road again- Willie Nelson On the Road Again
75%
Rock me mama like a wagon wheel- Old Crow Medicine Show Wagon Wheel
72%
Working 9 to 5 just tryna make a living- Dolly Parton 9 to 5
69%
Country roads take me home- John Denver Country roads
64%
On a warm summers evening I met up with a gamber- Kenny Rogers The Gambler
58%
When the sun goes down on my side of town- Brooks and Dunn Neon Moon
56%
I saw the light ive been baptized by the fire in her eyes and the flame in her touch- Brooks and Dunn Brand New Man
50%
im a rambling man, dont mess around with a rambling man- Waylon Jennings Rambling Man
47%
Your singing a song about making love to your drummer- Hank Williams Jr Dinosaur
39%
Mamas dont let your mabies grow up to be cowboys- Waylon and Willie Mamas dont let your babies grow up to be cowboys
36%
This aint no machine your talking to you still have my heart- Blake Shelton Austin
33%
Everything that I got is just what I got on- George Strait Amarillo by Morning
28%
He stood 6 foot 6 and weighed 245- Jimmy Dean Big John
28%
Daddy won a radio he tuned it to a country show- Alan Jackson chasing that neon rainbow
25%
Do I turn you on and on when I kiss you baby does the sound of me wanting you drive you crazy- Luke Bryan Do I
25%
Theres a tear in my beer- Hank Williams Theres a Tear in my Beer
25%
the telephone ringed about a quarter to 9, she heard his voice on the other end of the line- George Strait Cheyenne
22%
I loved her first, I held her first!- Heartland I loved her first
19%
if your killing my kin folk your walking on the fighting side of me- Merle Haggard Fighting side of me
17%
Thats no way for a man to behave with a mortgage due and a baby on the way- Cody Jinks Hippies and Cowboys
17%
30 seemed so old now looking back it was just a stepping stone- Alan Jackson Remember When
17%
If I die before I wake feed Jake- Pirates of the Mississipi Feed Jake
14%
And shes everything I ever wanted, everything I need- Brad Paisley Shes Everything
14%
Hes just a singer, a natural born guitar ringer- Hank William Jr. Blues Man
11%
A couple of pretty flowers Is what I brought I to you I saw you through a broken window- Whiskey Myers Broken Window Seranade
8%
Your the old hick that shot your woman down- Johnny Cash Cocaine Blues
8%
If there's a plane or a bus leaving Dallas I hope you're on it If there's a train moving fast down the tracks I hope you caught it- George Strait Run
8%
Couldnt wait to turn 16 and drive all the boys around- Kenny Chesney Never Wanted Nothing More
0%
No matching quizzes found
Score Distribution
Percent of People with Each Score
Percentile by Number Answered
Your Score History
You have not taken this quiz